| 000 | 00532nam a2200217Ia 4500 | ||
|---|---|---|---|
| 003 | OSt | ||
| 005 | 20230417104240.0 | ||
| 008 | 210423s2011 xx 000 0 und d | ||
| 020 | _a9780521718172 | ||
| 040 | _cAL | ||
| 041 | _aeng | ||
| 082 | _a511.6 VANJ | ||
| 100 |
_aVAN LINT (J H);WILSON (R M). _989148 |
||
| 245 | _aCourse in combinatorics. | ||
| 250 | _a2 | ||
| 260 |
_aUK _bCambridge University Press _c2011 |
||
| 300 |
_axiv,602 _bPB |
||
| 365 |
_b495 _cINR |
||
| 906 | _acombinatorics. ; Course | ||
| 942 |
_2ddc _cBK |
||
| 999 |
_c159893 _d159893 |
||